000 00850nam a2200253Ia 4500
005 20250117103628.0
008 008 250103s9999 xx 000 0 eng d
020 _a9780367755072
037 _aTextual
040 _aCSL
_beng
_cCSL
041 _aeng
_2eng
084 _aI23 R3-;1
_qCSL
245 0 _aPhytomycology and molecular biology of plant pathogen interations
_cHag, Imran Ul (Ed.); Ijaz, Siddra (Ed.); Khan, Iqrar Ahmad (Ed.)
260 _aBoca Raton
_b CRC Press/T&F
_c2023
300 _axiii, 265p. ill.
650 _a Phytopathogenic
_9734339
650 _a Plant-pathogen relationships
_9734340
650 _aBotany
700 _a Ijaz, Siddra (Ed.)
_9734341
700 _a Khan, Iqrar Ahmad (Ed.)
_9734342
700 _aHag, Imran Ul (Ed.)
_9734343
942 _cTEXL
_hI23 R3-;1
999 _c1237922
_d1237922